| 000 | 00000nam##2200000za#4500 |
| 001 | 9.691315 |
| 003 | CaOODSP |
| 005 | 20210624232720 |
| 007 | cr ||||||||||| |
| 008 | 150407|2008||||xxc|||||o f|0| 0 eng|d |
| 020 | |a978-1-100-10372-3 |
| 040 | |aCaOODSP|beng |
| 043 | |an-cn--- |
| 086 | 1 |aHS28-149/2008E-PDF |
| 110 | 1 |aCanada.|bHuman Resources and Skills Development Canada. |bStrategic Policy and Research Branch. |
| 245 | 10|aSummative evaluation of the National Homelessness Initiative : |h[electronic resource]|bfinal report |
| 260 | |aGatineau - Quebec : |bHuman Resources and Skills Development Canada. |cMay 2008. |
| 300 | |a57p.|btables |
| 590 | |a13-05-Supp|b2013-02-27 |
| 690 | 07|aHomelessness|2gcpds |
| 775 | 08|tÉvaluation sommative de l'Initiative nationale pour les sans-abri : |w(CaOODSP)9.635646 |
| 856 | 40|ahttp://publications.gc.ca|qPDF|s462 KB|uhttps://publications.gc.ca/collections/collection_2013/rhdcc-hrsdc/HS28-149-2008-eng.pdf |
| 986 | |aSP-AH-693-05-08E |